The great gate : (Record no. 1227)

MARC details
000 -LEADER
fixed length control field 01195cam a2200361 i 4500
001 - CONTROL NUMBER
control field 19332804
003 - CONTROL NUMBER IDENTIFIER
control field OSt
005 - DATE AND TIME OF LATEST TRANSACTION
control field 20240606113922.0
008 - FIXED-LENGTH DATA ELEMENTS--GENERAL INFORMATION
fixed length control field 161012s2008 cc 000 0 eng d
010 ## - LIBRARY OF CONGRESS CONTROL NUMBER
LC control number 2016439590
015 ## - NATIONAL BIBLIOGRAPHY NUMBER
National bibliography number GBA897068
Source bnb
016 7# - NATIONAL BIBLIOGRAPHIC AGENCY CONTROL NUMBER
Record control number 014686630
Source Uk
020 ## - INTERNATIONAL STANDARD BOOK NUMBER
International Standard Book Number 9627341045
035 ## - SYSTEM CONTROL NUMBER
System control number (OCoLC)ocn241055284
040 ## - CATALOGING SOURCE
Original cataloging agency UKM
Language of cataloging eng
Transcribing agency UKM
Modifying agency VP@
-- BDX
-- YDXCP
-- OCLCF
-- OCLCQ
-- DLC
Description conventions rda
041 1# - LANGUAGE CODE
Language code of text/sound track or separate title eng
Language code of original tib
042 ## - AUTHENTICATION CODE
Authentication code lccopycat
050 00 - LIBRARY OF CONGRESS CALL NUMBER
Classification number BQ8915.4
Item number .C554 2008
082 04 - DEWEY DECIMAL CLASSIFICATION NUMBER
Classification number 294.3925
Edition number 22
100 0# - MAIN ENTRY--PERSONAL NAME
Personal name Chokling,
Titles and words associated with a name Tsikey, Rinpoche.
245 14 - TITLE STATEMENT
Title The great gate :
Remainder of title the preliminary practices and daily Guru Sadhana/
Statement of responsibility, etc. translated from the Tibetan by Erik Pema Kunsang.
264 #1 - PRODUCTION, PUBLICATION, DISTRIBUTION, MANUFACTURE, AND COPYRIGHT NOTICE
Place of production, publication, distribution, manufacture Hong Kong :
Name of producer, publisher, distributor, manufacturer Rangjung Yeshe ;
Date of production, publication, distribution, manufacture, or copyright notice 1989.
300 ## - PHYSICAL DESCRIPTION
Extent vi, 165 pages ;
Dimensions 20 cm
336 ## - CONTENT TYPE
Content type term text
Content type code txt
Source rdacontent
337 ## - MEDIA TYPE
Media type term unmediated
Media type code n
Source rdamedia
338 ## - CARRIER TYPE
Carrier type term volume
Carrier type code nc
Source rdacarrier
546 ## - LANGUAGE NOTE
Language note Translated from the Tibetan.
650 #0 - SUBJECT ADDED ENTRY--TOPICAL TERM
Topical term or geographic name entry element Tantric Buddhism.
700 0# - ADDED ENTRY--PERSONAL NAME
Personal name Urgyen,
Titles and other words associated with a name Tulku, Rinpoche.
906 ## - LOCAL DATA ELEMENT F, LDF (RLIN)
a 7
b cbc
c copycat
d 2
e ncip
f 20
g y-gencatlg
942 ## - ADDED ENTRY ELEMENTS (KOHA)
Koha item type Book
Suppress in OPAC No
Source of classification or shelving scheme Lindholme Classification Scheme
Holdings
Withdrawn status Lost status Source of classification or shelving scheme Damaged status Not for loan Collection Home library Current library Shelving location Date acquired Total checkouts Total renewals Full call number Barcode Date last seen Date last checked out Price effective from Koha item type
    Lindholme Classification Scheme     Vajrayana Lindholme Hall Library Lindholme Hall Library General stacks 06/06/2024 2 2 553.2 DOR 2401624 01/03/2026 27/11/2024 06/06/2024 Book